LEADER 01260nam a2200301 4500 001 000000347930 003 CaOOAMICUS 005 20211012152521.0 008 210929s2015 it 000 u ita r 020 $a978-88-07-88610-2 040 $aSeMil$bita 100 1 $aOz, Amos,$d<1939-2018>.$0(OLS)http://semarc/name/53572 240 14$aThe Tubingen Lectures. Three Lectures.$0(OLS)http://semarc/title/217212 245 10$aContro il fanatismo /$cAmos Oz ; traduzione di Elena Loewenthal. 250 $a2. ed. 264 1$aMilano :$bFeltrinelli,$c2015. 300 $a78 p. ;$c20 cm 490 1 $aUniversale economica Feltrinelli ;$v8610 650 4$aFanatismo.$0(OLS)http://semarc/subject/29002 700 1 $aLoewenthal, Elena,$d<1960- >.$0(OLS)http://semarc/name/4577 830 0$aUniversale economica ;$v8610.$0(OLS)http://semarc/title/11224 850 $aSeMil 852 $aSeMil$W1$xVenegono$y1$m3N II 792$j229725$B238971$CSeMilBibl$Z2$F238971 $81 961 $aConti don Gildo - Omaggio 996 $6020$a978-88-07-88610-2$9(OLS)http://semarc/number/294153 996 $6245$aContro il fanatismo$9(OLS)http://semarc/title/217211 996 $6264$aMilano :$bFeltrinelli$9(OLS)http://semarc/publisher/30237 LEADER 01275nam a2200217 i 4500 001 000000021732 003 CaOOAMICUS 005 20180830125445.0 008 180830s1911 gw u000 u und u 040 $aSeMil$bita 100 1 $aKissling, Johannes B.$0(OLS)http://semarc/name/9730 245 10$aGeschichte des Kulturkampfes im Deutschen Reiche /$cim Auftrage des Zeltralkomittes für die Generalversammlung der Katholiken Deutschlands von Johannes B. Kißling. 260 $aFreiburg im Breisgau [etc.] :$bHerdersche Verlagshandlung,$c1911. 300 $a3 v. ;$c21 cm. 500 $aPosseduti solo i vol. 1 e 2. 650 4$aChiesa e stato - Germania - Storia - 1871-1874.$0(OLS)http://semarc/subject/3415 650 4$aChiesa e stato - Germania - Storia.$0(OLS)http://semarc/subject/3416 774 0 $aKissling, Johannes B.$tKulturkampfgesetzgebung, 1871-1874.$dFreiburg im Breisgau [etc.] : Herdersche Verlagshandlung, 1913.$g2$w()180197 774 0 $aKissling, Johannes B.$tVorgeschichte.$dFreiburg im Breisgau [etc.] : Herdersche Verlagshandlung, 1911.$g1$w()180710 996 $6245$aGeschichte des Kulturkampfes im Deutschen Reiche$9(OLS)http://semarc/title/28824 996 $6260$aFreiburg im Breisgau [etc.] :$bHerdersche Verlagshandlung$9(OLS)http://semarc/publisher/30495